| 000 | 00752nam a22002177a 4500 | ||
|---|---|---|---|
| 999 |
_c8412 _d8412 |
||
| 003 | GBCCL | ||
| 005 | 20241126110650.0 | ||
| 008 | 210211b ||||| |||| 00| 0 eng d | ||
| 020 | _a9789388937016 | ||
| 040 | _cGBC | ||
| 082 |
_a275.41 _bLAL |
||
| 100 |
_aLaltlinzo, Grace, _eauthor. _914720 |
||
| 245 |
_aChristianity in North East India : _ba cultural response / _cGrace Laltlinzo. |
||
| 260 |
_aNew Delhi : _bConcept Publishing Company Pvt. Ltd., _c2019. |
||
| 300 |
_avi, 115 pages ; _b22 cm |
||
| 504 | _aIncludes bibliographical references and index. | ||
| 650 |
_aChristianity _zIndia, Northeastern. _9945 |
||
| 650 |
_aTribes _vReligion. _zIndia, Northeastern _914721 |
||
| 650 |
_aMissions _zIndia, Northeastern. _912094 |
||
| 942 |
_2ddc _cBK _012 |
||